Shortest Country (Europe) A-Z Blitz Quiz Stats

 Plays Quiz Updated May 5, 2018

Challenge
Share
Tweet
Embed
Score 0/19 Timer 01:00
3 Plays Today
Initial Country % Correct
AAlbania, Andorra or Austria
85.9%
FFrance
82.9%
BBelarus or Belgium
78.6%
DDenmark
75.5%
IItaly
71.3%
EEstonia
67.1%
HHungary
60.8%
LLatvia
60.4%
SSpain
59.4%
MMalta
57.1%
Initial Country % Correct
VVatican City
55.9%
GGreece
55.7%
KKosovo
55.6%
PPoland
49.2%
RRussia
49.1%
CCyprus
47.7%
NNorway
46.5%
UUkraine
45.5%
TTurkey
36.8%

You're not logged in!

Compare scores with friends on all Sporcle quizzes.
Join for Free
OR
Log In

You Might Also Like...

Show Comments

Extras

Top Quizzes Today


Score Distribution

Your Account Isn't Verified!

In order to create a playlist on Sporcle, you need to verify the email address you used during registration. Go to your Sporcle Settings to finish the process.

Report this User

Report this user for behavior that violates our Community Guidelines.

Details: